Online
Catalog

El registro de estado civil : (Record no. 45380)

MARC details
000 -CABECERA
campo de control de longitud fija 01662nam a2200241 a 4500
001 - NÚMERO DE CONTROL
campo de control 000045891
005 - FECHA Y HORA DE LA ÚLTIMA TRANSACCIÓN
campo de control 20201002052515.0
008 - DATOS DE LONGITUD FIJA--INFORMACIÓN GENERAL
campo de control de longitud fija 150526s2015 dr 000 0 spa d
020 ## - NÚMERO INTERNACIONAL ESTÁNDAR DEL LIBRO
Número Internacional Estándar del Libro 9789945891263
040 ## - FUENTE DE LA CATALOGACIÓN
Centro catalogador/agencia de origen DO-SdBNP
Lengua de catalogación spa
Centro/agencia transcriptor BNPHU
082 ## - NÚMERO DE LA CLASIFICACIÓN DECIMAL DEWEY
Número de clasificación xxxx
Número de documento/Ítem xxxx
100 1# - ENTRADA PRINCIPAL--NOMBRE DE PERSONA
Nombre de persona Reyes Vásquez, Raúl
9 (RLIN) 73960
245 13 - MENCIÓN DE TÍTULO
Título El registro de estado civil :
Resto del título historia y evolución /
Mención de responsabilidad, etc. Raúl Reyes Vásquez ; prólogo Rafael Luciano Pichardo.
260 ## - PUBLICACIÓN, DISTRIBUCIÓN, ETC.
Lugar de publicación, distribución, etc. Santo Domingo :
Nombre del editor, distribuidor, etc. Gaceta Judicial,
Fecha de publicación, distribución, etc. 2015.
300 ## - DESCRIPCIÓN FÍSICA
Extensión 772 p. ;
Dimensiones 23 cm.
490 1# - MENCIÓN DE SERIE
Mención de serie Manuales
500 ## - NOTA GENERAL
Nota general Incluye referencias bibliográficas y notas al pie de las páginas
500 ## - NOTA GENERAL
Nota general Incluye datos biográficos del autor en la solapa de la cubierta.
504 ## - NOTA DE BIBLIOGRAFÍA, ETC.
Nota de bibliografía, etc. Bibliografía : p. 763-772
505 0# - NOTA DE CONTENIDO CON FORMATO
Información miscelánea Parte I
Título Importancia del registro civil --
-- Historia --
-- Evolución del registro de estado civil en la República Dominicana --
Información miscelánea Parte II
Título Conformación del registro de estado civil --
-- Registros del estado civil --
-- Actas del estado civil --
-- Transcripción de actas del estado civil --
-- Pérdida, destrucción u omisión de los registros --
-- Rectificación de las actas del estado civil --
-- La regla "error communis facit jus" en materia de estado civil --
-- Las actas del estado civil y la actitud notarial --
-- Paralelismo operativo entre las actas del esado civil y el código del menor --
Información miscelánea Parte III
Título Estudio particular de cada acta y su contenido --
-- Acta de nacimiento --
-- Acta de matrimonio --
-- Acta de reconocimiento --
-- Acta de divorcio --
-- Acta de difunción --
-- Conclusión del registro civil --
700 12 - PUNTO DE ACCESO ADICIONAL--NOMBRE DE PERSONA
Nombre de persona Pichardo, Rafael Luciano,
Término indicativo de función/relación pról.
9 (RLIN) 38362
830 #0 - PUNTO DE ACCESO ADICIONAL DE SERIE-TÍTULO UNIFORME
Título uniforme Manuales
9 (RLIN) 35652
Holdings
Estado de retiro Estado de pérdida Restricciones de uso No para préstamo Código de colección Localización permanente Ubicación/localización actual Ubicación en estantería Fecha de adquisición Número de inventario Total de préstamos Signatura topográfica completa Código de barras Fecha visto por última vez Número de copia Precio válido a partir de Tipo de ítem Koha
  Extraviado     Dominicana de Servicio General General Extraviado 26.05.2015 LF1   xxxx xxxx 45891-30 25.06.2020 e. 3 25.06.2020 Libro y Folleto Colección Dominicana de Servicio
      Excluido de préstamo Patrimonio Dominicano Patrimonio Dominicano Patrimonio Dominicano En catalogación 26.05.2015 LF1   xxxx xxxx 45891-10 25.06.2020   25.06.2020 Libro y Folleto Colección Patrimonio Dominicano
      Excluido de préstamo Patrimonio Dominicano Patrimonio Dominicano Patrimonio Dominicano En catalogación 26.05.2015 LF1   xxxx xxxx 45891-20 25.06.2020 e. 2 25.06.2020 Libro y Folleto Colección Patrimonio Dominicano

Powered by Koha